| 000 | 00408nam a2200193Ia 4500 | ||
|---|---|---|---|
| 001 | 13017 | ||
| 003 | GE_BSU | ||
| 008 | 181216s||||||||xx |||||||||||||| ||und|| | ||
| 040 | _cGE_BSU | ||
| 080 | _a821.111-3 | ||
| 100 | _aWalters,Minette. | ||
| 245 | _aDisordered Minds. | ||
| 260 | _aGermany. | ||
| 260 | _bBCA. | ||
| 260 | _c2003 | ||
| 300 | _a422p;20cm. | ||
| 653 | _aDisordered Minds. | ||
| 942 | _cBK | ||
| 999 |
_c46184 _d46184 |
||